Justice and reconciliation in post-apartheid South Africa (Record no. 1421)

MARC details
000 -LEADER
fixed length control field 01503cam a2200349Li 4500
001 - CONTROL NUMBER
control field ocn493836618
003 - CONTROL NUMBER IDENTIFIER
control field TZ-ArACH
005 - DATE AND TIME OF LATEST TRANSACTION
control field 20111024095734.0
008 - FIXED-LENGTH DATA ELEMENTS--GENERAL INFORMATION
fixed length control field 090113s2008 xxka f b 001 0 eng d
020 ## - INTERNATIONAL STANDARD BOOK NUMBER
International Standard Book Number 9780521882057
035 ## - SYSTEM CONTROL NUMBER
System control number (OCoLC)493836618
040 ## - CATALOGING SOURCE
Original cataloging agency ZWZ
Description conventions ncafnor
Language of cataloging fre
Transcribing agency TZ-ArACH
049 ## - LOCAL HOLDINGS (OCLC)
Holding library TZAA
050 #4 - LIBRARY OF CONGRESS CALL NUMBER
Classification number KTL4415
Item number .J87
082 04 - DEWEY DECIMAL CLASSIFICATION NUMBER
Classification number 345.68/0231
Edition number 22
245 00 - TITLE STATEMENT
Title Justice and reconciliation in post-apartheid South Africa
Medium [Texte imprimé] /
Statement of responsibility, etc edited by François du Bois and Antje du Bois-Pedain.
260 ## - PUBLICATION, DISTRIBUTION, ETC. (IMPRINT)
Place of publication, distribution, etc Cambridge, UK ;
-- New York :
Name of publisher, distributor, etc Cambridge University Press,
Date of publication, distribution, etc cop. 2008.
300 ## - PHYSICAL DESCRIPTION
Extent 1 vol. (XII-321 p.) :
Other physical details ill. ;
Dimensions 24 cm.
490 1# - SERIES STATEMENT
Series statement Cambridge studies in law and society
504 ## - BIBLIOGRAPHY, ETC. NOTE
Bibliography, etc Références bibliogr. Index.
650 #7 - SUBJECT ADDED ENTRY--TOPICAL TERM
Topical term or geographic name as entry element Procès politiques
Geographic subdivision Afrique du Sud.
Source of heading or term ram
9 (RLIN) 3212
650 #7 - SUBJECT ADDED ENTRY--TOPICAL TERM
Topical term or geographic name as entry element Commissions vérité et réconciliation
Geographic subdivision Afrique du Sud.
Source of heading or term ram
9 (RLIN) 3213
650 #7 - SUBJECT ADDED ENTRY--TOPICAL TERM
Topical term or geographic name as entry element Justice réparatrice
Geographic subdivision Afrique du Sud.
Source of heading or term ram
9 (RLIN) 3214
650 #0 - SUBJECT ADDED ENTRY--TOPICAL TERM
Topical term or geographic name as entry element Political crimes and offenses
Geographic subdivision South Africa.
9 (RLIN) 3215
650 #0 - SUBJECT ADDED ENTRY--TOPICAL TERM
Topical term or geographic name as entry element Restorative justice
Geographic subdivision South Africa.
9 (RLIN) 3216
650 #0 - SUBJECT ADDED ENTRY--TOPICAL TERM
Topical term or geographic name as entry element Truth commissions
Geographic subdivision South Africa.
9 (RLIN) 3217
700 1# - ADDED ENTRY--PERSONAL NAME
Personal name Du Bois, François.
Relator term Éditeur scientifique.
9 (RLIN) 3218
700 1# - ADDED ENTRY--PERSONAL NAME
Personal name Du Bois-Pedain, Antje.
Relator term Éditeur scientifique.
9 (RLIN) 3219
830 #0 - SERIES ADDED ENTRY--UNIFORM TITLE
Uniform title Cambridge studies in law and society.
9 (RLIN) 3220
942 ## - ADDED ENTRY ELEMENTS (KOHA)
Source of classification or shelving scheme Library of Congress Classification
Koha item type Books
Holdings
Home library Current library Shelving location Date acquired Full call number Barcode Koha item type
African Court on Human and Peoples' Rights Library African Court on Human and Peoples' Rights Library   24/10/2011 KTL4415 .J87 10014888 Books

African Court on Human and Peoples' Rights | For Inquiries Contact » +255 272 510 510